000 01297cam a2200205 4500
001 L130103
008 050621n2005 000 0 eng u
035 _a(Sirsi) u130103
041 _aeng
110 _aDepartment for Environment, Food and Rural Affairs
_94094
245 _aClean Neighbourhoods and Environment Act 2005
_binterim guidance for measures commenced on 7 June 2005
260 _aLondon
_bDEFRA
_c2005
520 _aProvides interim guidance on the measures contained in the Act that commenced on 7 June 2005 and relate to nuisance parking offences; litter; graffiti and other defacement; the transport of waste; site waste; noise; and pollution. Sets out the aim of the measures and offers a commentary on each relevant section of the Act. Where applicable it also presents related legislation that could be used to cover similar issues. The guidance is primarily of use to enforcement authorities.
520 _aItem not found when searched for on DEFRA website 12/9/2011.
590 _aIKA040705
650 _aCLEAN NEIGHBOURHOODS AND ENVIRONMENT ACT 2005
690 _aENVIRONMENTAL AND LAND CONSULTANCY-ENVIRONMENTAL MANAGEMENT
856 _uhttps://www.defra.gov.uk/environment/localenv/leqbill/
_zView the guidance free of charge at www.defra.gov.uk...
942 _n0
999 _c104353
_d104353